<?xml version="1.0" encoding="UTF-8"?><?xml-stylesheet type="text/xsl" href="static/style.xsl"?><OAI-PMH xmlns="http://www.openarchives.org/OAI/2.0/" xmlns:xsi="http://www.w3.org/2001/XMLSchema-instance" xsi:schemaLocation="http://www.openarchives.org/OAI/2.0/ http://www.openarchives.org/OAI/2.0/OAI-PMH.xsd"><responseDate>2026-06-01T03:36:27Z</responseDate><request verb="GetRecord" identifier="oai:riuma.uma.es:10630/28529" metadataPrefix="marc">https://riuma.uma.es/rest/oai/request</request><GetRecord><record><header><identifier>oai:riuma.uma.es:10630/28529</identifier><datestamp>2026-02-03T11:10:47Z</datestamp><setSpec>com_10630_2254</setSpec><setSpec>col_10630_37953</setSpec></header><metadata><record xmlns="http://www.loc.gov/MARC21/slim" xmlns:dcterms="http://purl.org/dc/terms/" xmlns:doc="http://www.lyncode.com/xoai" xmlns:xsi="http://www.w3.org/2001/XMLSchema-instance" xsi:schemaLocation="http://www.loc.gov/MARC21/slim http://www.loc.gov/standards/marcxml/schema/MARC21slim.xsd">
   <leader>00925njm 22002777a 4500</leader>
   <datafield ind2=" " ind1=" " tag="042">
      <subfield code="a">dc</subfield>
   </datafield>
   <datafield ind2=" " ind1=" " tag="720">
      <subfield code="a">Rodríguez-Ortega, Nuria</subfield>
      <subfield code="e">author</subfield>
   </datafield>
   <datafield ind2=" " ind1=" " tag="260">
      <subfield code="c">2018-11</subfield>
   </datafield>
   <datafield ind2=" " ind1=" " tag="520">
      <subfield code="a">This text introduces the special issue of Artnodes magazine. Journal on Art, Science and Technology, dedicated to the digital humanities, under the subtitle "Policies, societies,  knowledge", which brings together some of the most interesting contributions presented at the III Congress of the International Society of Hispanic Digital Humanities, as well as other contributions that have enriched and broadened the topics under discussion. &#xd;
In order to provide a better interpretation of the theoretical-methodological framework in which the articles that make up this special monograph make sense, a general delineation of the characteristics that define the field of the digital humanities is established.&#xd;
Finally, it indicates the five axes that, in the author's opinion, are key in the configuration of the digital humanities as a project for the construction of a new digital humanism.</subfield>
   </datafield>
   <datafield ind1="8" ind2=" " tag="024">
      <subfield code="a">Rodríguez-Ortega, Nuria. “Five central concepts to think of Digital Humanities as a new digital humanism project”. Artnodes, 2018, Num. 22, https://doi.org/10.7238/a.v0i22.3263.</subfield>
   </datafield>
   <datafield ind1="8" ind2=" " tag="024">
      <subfield code="a">https://hdl.handle.net/10630/28529</subfield>
   </datafield>
   <datafield ind1="8" ind2=" " tag="024">
      <subfield code="a">10.7238/a.v0i22.3263</subfield>
   </datafield>
   <datafield tag="653" ind2=" " ind1=" ">
      <subfield code="a">Humanidades digitales</subfield>
   </datafield>
   <datafield ind2="0" ind1="0" tag="245">
      <subfield code="a">Cinco ejes para pensar las humanidades digitales como proyecto de un nuevo humanismo digital.</subfield>
   </datafield>
</record>
</metadata></record></GetRecord></OAI-PMH>